Quiz sur les compétences en Belgique - Statistiques

Statistiques générales
  • Ce quiz a été pris 8 fois
  • Le résultat moyen est 21 sur 45
Statistiques - réponses
Question Tuile Select % Correct
Quelle sont les compétences gérées au niveau fédéral ? Justice Oui
100%
Quelle sont les compétences gérées au niveau fédéral ? Accueil des immigrés Non
71%
Quelle sont les compétences gérées au niveau fédéral ? Affaires étrangères Oui
71%
Quelle sont les compétences gérées au niveau fédéral ? Agriculture Non
71%
Quelle sont les compétences gérées au niveau fédéral ? Armée Oui
71%
Quelle sont les compétences gérées au niveau fédéral ? Culture Non
71%
Quelle sont les compétences gérées au niveau fédéral ? Emploi Non
71%
Quelle sont les compétences gérées au niveau fédéral ? Enseignement Non
71%
Quelles sont les compétences gérées au niveau régional ? Enseignement Non
71%
Quelle sont les compétences gérées au niveau fédéral ? Finances Oui
71%
Quelles sont les compétences gérées au niveau régional ? Finances Non
71%
Quelles sont les compétences gérées au niveau des communautés ? Politique d'aménagement du territoire et d'urbanisme Non
71%
Quelles sont les compétences gérées au niveau régional ? Politique d'environnement Oui
71%
Quelles sont les compétences gérées au niveau régional ? Accueil des immigrés Non
57%
Quelles sont les compétences gérées au niveau régional ? Agriculture Oui
57%
Quelle sont les compétences gérées au niveau fédéral ? Aide sociale Non
57%
Quelles sont les compétences gérées au niveau régional ? Aide sociale Non
57%
Quelles sont les compétences gérées au niveau régional ? Culture Non
57%
Quelle sont les compétences gérées au niveau fédéral ? Affaires intérieures Oui
43%
Quelles sont les compétences gérées au niveau des communautés ? Agriculture Non
43%
Quelles sont les compétences gérées au niveau des communautés ? Aide sociale Oui
43%
Quelles sont les compétences gérées au niveau des communautés ? Culture Oui
43%
Quelle sont les compétences gérées au niveau fédéral ? Économie Non
43%
Quelles sont les compétences gérées au niveau régional ? Économie Oui
43%
Quelles sont les compétences gérées au niveau régional ? Emploi Oui
43%
Quelles sont les compétences gérées au niveau des communautés ? Enseignement Oui
43%
Quelles sont les compétences gérées au niveau des communautés ? Finances Non
43%
Quelle sont les compétences gérées au niveau fédéral ? Le nucléaire Oui
43%
Quelles sont les compétences gérées au niveau des communautés ? Protection de la jeunesse Oui
43%
Quelle sont les compétences gérées au niveau fédéral ? Sécurité sociale Oui
43%
Quelles sont les compétences gérées au niveau des communautés ? Aide aux familles Oui
29%
Quelles sont les compétences gérées au niveau des communautés ? Emploi Non
29%
Quelle sont les compétences gérées au niveau fédéral ? Les entreprises publiques Oui
29%
Quelles sont les compétences gérées au niveau régional ? Politique d'aménagement du territoire et d'urbanisme Oui
29%
Quelles sont les compétences gérées au niveau régional ? Politique de logement Oui
29%
Quelles sont les compétences gérées au niveau des communautés ? Recherche scientifique Oui
29%
Quelles sont les compétences gérées au niveau des communautés ? Relation internationales dans les domaines qui relèvent de leur compétence. Oui
29%
Quelles sont les compétences gérées au niveau des communautés ? Sécurité sociale Non
29%
Quelles sont les compétences gérées au niveau des communautés ? Accueil des immigrés Oui
14%
Quelles sont les compétences gérées au niveau des communautés ? Emploi des langues Oui
14%
Quelles sont les compétences gérées au niveau régional ? Politique d'eau Oui
14%
Quelles sont les compétences gérées au niveau régional ? Politique de conservation de la nature Oui
14%
Quelles sont les compétences gérées au niveau régional ? Politique de crédit, de commerce extérieur... Oui
14%
Quelles sont les compétences gérées au niveau des communautés ? Politique de santé Oui
14%
Quelles sont les compétences gérées au niveau régional ? Politique de travaux publics, d'énergie et de transport (hors SNCB) Oui
14%
Aucun quiz correspondant
Distribution des résultats
% des personnes avec chaque résultat
Percentile par nombre de réponses
Votre historique - résultats
Vous n’avez pas pris ce quiz